Latin American Religion in Motion. Christian Smith , Joshua Prokopy

Saved in:  
Bibliographic Details
Main Author: Rose, Susan (Author)
Format: Electronic Review
Language:English
Check availability: HBZ Gateway
Interlibrary Loan:Interlibrary Loan for the Fachinformationsdienste (Specialized Information Services in Germany)
Published: 2001
In: The journal of religion
Year: 2001, Volume: 81, Issue: 1, Pages: 137-139
Review of:Latin American religion in motion (New York : Routledge, 1999) (Rose, Susan)
Latin American religion in motion (New York : Routledge, 1999) (Rose, Susan)
Latin American religion in motion (New York [u.a.] : Routledge, 1999) (Rose, Susan)
Further subjects:B Book review
Online Access: Volltext (JSTOR)
Volltext (lizenzpflichtig)

MARC

LEADER 00000caa a22000002c 4500
001 1811625266
003 DE-627
005 20220727074249.0
007 cr uuu---uuuuu
008 220726s2001 xx |||||oo 00| ||eng c
024 7 |a 10.1086/490789  |2 doi 
035 |a (DE-627)1811625266 
035 |a (DE-599)KXP1811625266 
040 |a DE-627  |b ger  |c DE-627  |e rda 
041 |a eng 
084 |a 0  |2 ssgn 
100 1 |a Rose, Susan  |e VerfasserIn  |4 aut 
245 1 0 |a Latin American Religion in Motion. Christian Smith , Joshua Prokopy 
264 1 |c 2001 
336 |a Text  |b txt  |2 rdacontent 
337 |a Computermedien  |b c  |2 rdamedia 
338 |a Online-Ressource  |b cr  |2 rdacarrier 
601 |a Religion 
601 |a Smith, Christian 
655 7 |a Rezension  |0 (DE-588)4049712-4  |0 (DE-627)106186019  |0 (DE-576)209083166  |2 gnd-content 
773 0 8 |i Enthalten in  |t The journal of religion  |d Chicago, Ill. : Univ. of Chicago Press, 1921  |g 81(2001), 1, Seite 137-139  |h Online-Ressource  |w (DE-627)329085689  |w (DE-600)2047675-9  |w (DE-576)113710593  |x 1549-6538  |7 nnas 
773 1 8 |g volume:81  |g year:2001  |g number:1  |g pages:137-139 
787 0 8 |i Rezension von  |t Latin American religion in motion  |d New York : Routledge, 1999  |h Online Ressource (303 p.)  |w (DE-627)801223342  |w (DE-576)422348848  |z 0415921058  |z 9780415921053  |z 9780415921060  |z 0415921066  |z 0203010124  |z 9780203010129 
787 0 8 |i Rezension von  |t Latin American religion in motion  |d New York : Routledge, 1999  |h Online-Ressource (v, 294 p)  |w (DE-627)646849026  |w (DE-576)9646849024  |z 0203010124  |z 0415921066  |z 0415921058 
787 0 8 |i Rezension von  |t Latin American religion in motion  |d New York [u.a.] : Routledge, 1999  |h 303 S  |w (DE-627)246256168  |w (DE-576)079944051  |z 0415921058  |z 0415921066 
856 |3 Volltext  |u http://www.jstor.org/stable/1206962  |x JSTOR 
856 4 0 |u https://doi.org/10.1086/490789  |x Resolving-System  |z lizenzpflichtig  |3 Volltext  |7 1 
935 |a mteo 
951 |a AR 
ELC |a 1 
ITA |a 1  |t 1 
LOK |0 000 xxxxxcx a22 zn 4500 
LOK |0 001 4172640613 
LOK |0 003 DE-627 
LOK |0 004 1811625266 
LOK |0 005 20220726053827 
LOK |0 008 220726||||||||||||||||ger||||||| 
LOK |0 035   |a (DE-Tue135)IxTheo#2022-07-19#549DD889DB68F280FFA9C157A1DE3A2FCE420F03 
LOK |0 040   |a DE-Tue135  |c DE-627  |d DE-Tue135 
LOK |0 092   |o n 
LOK |0 852   |a DE-Tue135 
LOK |0 852 1  |9 00 
LOK |0 866   |x JSTOR#http://www.jstor.org/stable/1206962 
LOK |0 935   |a ixzs  |a ixrk  |a zota 
LOK |0 939   |a 26-07-22  |b l01 
ORI |a SA-MARC-ixtheoa001.raw 
REL |a 1 
SUB |a REL